000
00311nam a2200133Ia 4500
005
20251222151259.0
008
251222s9999||||xx |||||||||||||| ||spa||
082
_a
571.878/B24
100
_a
Baras, Victoria
245
0
_a
Antiaging Natural:
250
_a
3a. ed.
264
_b
RBA, Libros, S.A.
942
_c
LIB
999
_c
22908
_d
22908